000 00718nam a22002297a 4500
003 OSt
005 20140310182335.0
008 130925t xxu||||| |||| 00| 0 eng d
020 _a9781405844161
050 _aQA 11.135
_b.St896h 2008
100 _aStraker,Anita .
_921533
245 _aExploring maths 4 :
_bhome book /
_cAnita Straker.
260 _aGreat Britain, Scotprint :
_bPearson Longman,
_cc2008.
300 _aiv. 139 p. :
_bill. col. ;
_c27 cm.
651 _aEquations--mathematics
651 _aFormulas
_xFormulae
_xmathematics
_921565
651 _aMeasurements
_xmathematics
_921566
651 _aFractions
_xmathematics
_921567
942 _2lcc
_cBK-TR
999 _c12055
_d12055